000 00395cam a2200169ua 4500
001 5693
008 120107n1993 II |||gr||||Z||||||eng
040 _aMAIN
041 _aEnglish
082 _a516 AGA
100 _aAGARWAL, VASISHTHA.
245 _aANALYTICAL SOLID GEOMETRY
260 _aMEERUT
_bKRISHNA PRAKASHAN MANDIR
_c1993
300 _a258:
_c22CM.
653 _aGeometry
942 _cBK
999 _c5678
_d5678